Top 10 Largest Populations in the World - Statistics

General Stats
  • This quiz has been taken 56 times
  • The average score is 9 of 10
Answer Stats
Continent Population Country % Correct
North America 322 Million United States
98%
South America 206 Million Brazil
96%
Asia 1,376 Million China
96%
Asia 1,311 Million India
96%
North America 127 Million Mexico
94%
Africa 182 Million Nigeria
83%
Asia 208 Million Pakistan
81%
Asia 161 Million Bangladesh
73%
Asia 258 Million Indonesia
71%
Asia 146 Million Russia
71%
No matching quizzes found
Score Distribution
Percent of People with Each Score
Percentile by Number Answered
Your Score History
You have not taken this quiz